00905nam a22002535i 450000100060000000300090000600500170001500700030003200800410003504000220007608000200009810000300011824501160014825000150026426000490027930000300032850400200035865100280037870000330040670000400043985200330047999900170051295201220052913057ES-MaACL20230906150500.0t|930422s1971 sp ||||0| spa j aM-BN bspa cM-BN a946.031.5 Polop1 aFuster, Joaquín.95308210aBaronía de Polop / cJoaquín Fuster Pérez ; prólogo por Vintila Horia ; [dibujos, Benjamín Palencia]. a[1ª ed.]. aPolop de la Marina : bAyuntamiento, c1971. a428 p. : bil. ; c25 cm. aBibliografía. 4aPolop-xHistoria.992441 aPalencia, Benjamín.9885301 aHoria, Vintila (d1915-1992)964193 aES-MaACLjL-20424 bR.125190 c13057d13057 00104070aATENEOMbATENEOMcDEPO2d2008-01-17eSCl0oL-20424p1013297r2023-02-23 00:00:00w2023-02-23yMONOGRAFIA